00898 2200313 4500001002100000005001500021035002000036007000300056040001700059100003000076245010000106250001200206300003600218504002500254041000800279082000800287084001400295090002000309264004600329336002100375337003000396338002300426650002200449850001000471008004100481500002800522020001800550990001600568INLIS00000000000596820260419071902 a0010-0322000212ta aSBPUPADbInd0 aMuhadam LaboloePengarang1 aMemahami Ilmu Pemerintahan :bSuatu Kajian teori Konsep ,Dan Pengembangan nya /cMuhadam Labolo a.-Cet 1 axii, 184 hal :bIllus. ;c21 cm abibliografi, hlm 1770 aInd a345 a345 MUH m a370 ZAH d.1 6-6 a.--Jakarta :bRajagrafindo Persada,c2006 2rdacontentaTeks 2rdamediaaTanpa Perantara 2rdacarrieravolume 4aIlmu Pemerintahan aPUPAD260419 0  aTentang Penulis,Hlm 183 a979-3654-62-7 a00000015280